000 00403nam a2200145Ia 4500
008 100204s9999 xx 000 0 und d
082 _b11828
100 _aशिरवळकर सुहास
245 _aसालम
260 _b"मधुर पब्लिकेशन , पुणे 2"
_c1985
300 _a228
630 _aसालम
730 _aसालम
942 _cBOOK
999 _c456240
_d456237